00503nam a22001457a 4500003000500000038001800005082000800023100001600031245013400047264003300181300002400214650002700238700003500265856005700300NUST aNusrat Nadeem a200 aAhmed, Afaq aIMPACT OF SOCAL MEDIA ON UNIVERSITY STUDENTS; EXAMINING THE RELATIONSHIP BETWEEN SOCIAL MEDIA USAGE AND LONELINESS/cAfaq Ahmed,  aIslamabad,c2023.bS3H NUST; aill:b82,p:c30,cm. aMS- Mass Communication aSupervised: Dr. Hammad Mushtaq uhttp://10.250.8.41:8080/xmlui/handle/123456789/39037